UBT Library

Katzung & Trevor's pharmacology : (Record no. 40386)

000 -LEADER
fixed length control field 00844cam a22002777a 4500
001 - CONTROL NUMBER
control field 13936559
005 - DATE AND TIME OF LATEST TRANSACTION
control field 20180117032615.0
008 - FIXED-LENGTH DATA ELEMENTS--GENERAL INFORMATION
fixed length control field 050420s2005 nyua b 001 0 eng
010 ## - LIBRARY OF CONGRESS CONTROL NUMBER
LC control number 2005297568
020 ## - INTERNATIONAL STANDARD BOOK NUMBER
International Standard Book Number 0071422900 (alk. paper)
035 ## - SYSTEM CONTROL NUMBER
System control number (OCoLC)ocm56646719
040 ## - CATALOGING SOURCE
Original cataloging agency NLM
Transcribing agency NLM
Modifying agency UKM
-- COU
-- C#P
-- DLC
041 ## - LANGUAGE CODE
Language code of text/sound track or separate title eng
042 ## - AUTHENTICATION CODE
Authentication code nlmcopyc
080 ## - UNIVERSAL DECIMAL CLASSIFICATION NUMBER
Universal Decimal Classification number 615.1 ant
082 04 - DEWEY DECIMAL CLASSIFICATION NUMBER
Classification number 615.1 ant
Edition number 22
100 1# - Rafti
Rafti 5
101 ## - Shkurtesa
Shkurtesa afar
245 10 - TITLE STATEMENT
Title Katzung & Trevor's pharmacology :
246 30 - VARYING FORM OF TITLE
Title proper/short title Pharmacology
246 3# - VARYING FORM OF TITLE
Title proper/short title Katzung and Trevor's pharmacology
504 ## - BIBLIOGRAPHY, ETC. NOTE
Bibliography, etc Includes bibliographical references (p. 580) and index.
906 ## - LOCAL DATA ELEMENT F, LDF (RLIN)
a 7
b cbc
c copycat
d 2
e ncip
f 20
g y-gencatlg
942 ## - ADDED ENTRY ELEMENTS (KOHA)
Source of classification or shelving scheme
Item type Books
Holdings
Withdrawn status Lost status Source of classification or shelving scheme Damaged status Not for loan Collection code Permanent location Current location Shelving location Date acquired Total Checkouts Full call number Barcode Date last seen Price effective from Koha item type
          Koleksioni i përgjithshem UBT - Lipjan UBT - Lipjan Koleksioni i përgjithshem 01/17/2018   615.1 ant 002-2995649 01/17/2018 01/17/2018 Books
UBT Library © 2015-2024. All rights reserved University Education for Business and Technology